Morality, Freedom And Social Construction/ (Record no. 188461)

MARC details
000 -LEADER
fixed length control field 00569nam a22001817a 4500
005 - DATE AND TIME OF LATEST TRANSACTION
control field 20220524112056.0
010 ## - LCCN (DPL NO)
LC control number ENG-132796
020 ## - INTERNATIONAL STANDARD BOOK NUMBER
International Standard Book Number 9788187299460
Terms of availability 150.00
035 ## - SYSTEM CONTROL NUMBER
System control number EN-116328
037 ## - SOURCE OF ACQUISITION
Source of stock number/acquisition DBAD/PUB
082 ## - DEWEY DECIMAL CLASSIFICATION NUMBER
Classification number 181.499
100 ## - MAIN ENTRY--PERSONAL NAME
Personal name Srinivas, K.
245 ## - TITLE STATEMENT
Title Morality, Freedom And Social Construction/
Statement of responsibility, etc K. Srinivas
260 ## - PUBLICATION, DISTRIBUTION, ETC. (IMPRINT)
Place of publication, distribution, etc Puducherry
Name of publisher, distributor, etc Puducheery Co-operative Book Society
Date of publication, distribution, etc 2010
270 ## - ADDRESS
City Puducherry
Address 17, 14th Street, Krishna Nagar
Postal code 605008
300 ## - PHYSICAL DESCRIPTION
Extent viii, 168p
Other physical details Index
Dimensions 22cm(pbk)
942 ## - ADDED ENTRY ELEMENTS (KOHA)
Source of classification or shelving scheme Dewey Decimal Classification
Item type English Books
Classification part 181.499
Call number suffix SRI
Holdings
Withdrawn status Lost status Not for loan Collection code Home library Current library Date acquired Source of acquisition Cost, normal purchase price Full call number Barcode Copy number Cost, replacement price Koha item type
      Non-fiction Patel Nagar Patel Nagar 24/05/2022 DBAD/PUB 150.00 181.499 SRI EN-116328 1 150.00 English Books

© Delhi Public Library
Hit Counter
free hit counter